Top 5 Songs On Luv Is Rage (Lil Uzi Vert) - Statistics

General Stats
  • This quiz has been taken 18 times
  • The average score is 3 of 5
Answer Stats
Hint Answer % Correct
161,461,636 Top
94%
206,732,718 7AM
81%
51,218,758 Paradise
69%
37,642,941 Enemies
38%
25,120,374 Right Now
38%
No matching quizzes found
Score Distribution
Percent of People with Each Score
Percentile by Number Answered
Your Score History
You have not taken this quiz